000 00902nas a2200277 4500
001 BR2016002468
003 BR-BrBNA
005 20231205130407.0
007 ta
008 230509b bl.|||p| |||| 00| 00por d
040 _aBR-BrBNA
_bpor
_cBiblioteca Nacional de Agricultura
041 _a(Pt)
072 _aF04; K10
100 1 _aFarias, W.M.
100 1 _aAndrade, L.A. de
100 1 _aAlbuquerque, M.B. de
100 1 _aCunha, J.R. da
245 1 _aUtilização de macrófitas aquáticas em substrato para a produção de mudas de moringa
650 _aMORINGA
650 _aMUDA
650 _aCOMPOSTO ORGÂNICO
773 0 _tPesquisa Florestal Brasileira (Brazil)
_xISSN 1983-2605
_g(Jan-Mar 2016), v. 36(85) p. 25-30
_wBR2016002468
856 4 0 _u http://pfb.cnpf.embrapa.br/pfb/index.php/pfb/article/view/791
909 _a202311
_bLúcia
_c55
_dLúcia Elande
942 _2AGRIS
_n0
_cANA
999 _c249211
_d249211